Why the whales came / (Record no. 1210)

MARC details
000 -LEADER
fixed length control field 00801cam a2200265 a 4500
005 - DATE AND TIME OF LATEST TRANSACTION
control field 20230831105628.0
020 ## - INTERNATIONAL STANDARD BOOK NUMBER
International Standard Book Number 078073002757
040 ## - CATALOGING SOURCE
Original cataloging agency DLC
Transcribing agency DLC
Modifying agency DLC
Language of cataloging eng
050 00 - LIBRARY OF CONGRESS CALL NUMBER
Classification number PZ7.M82712
Item number Wh 1985
082 00 - DEWEY DECIMAL CLASSIFICATION NUMBER
Classification number Fic
Edition number 20
100 1# - MAIN ENTRY--PERSONAL NAME
Personal name Morpurgo, Michael.
245 10 - TITLE STATEMENT
Title Why the whales came /
Statement of responsibility, etc. Michael Morpurgo.
260 ## - PUBLICATION, DISTRIBUTION, ETC.
Name of publisher, distributor, etc. Scholastic
Date of publication, distribution, etc. 1985
300 ## - PHYSICAL DESCRIPTION
Extent 139 pages :
Other physical details Illustrations
Dimensions 20 cm
505 ## - FORMATTED CONTENTS NOTE
Formatted contents note S <br/>
520 ## - SUMMARY, ETC.
Summary, etc. Two children befriend the old man known as the Birdman of Bryher and help him lift a curse from their island.
521 ## - TARGET AUDIENCE NOTE
Target audience note 890 <br/>
Source Lexile <br/>
521 ## - TARGET AUDIENCE NOTE
Target audience note S <br/>
Source Raz-Plus <br/>
650 #1 - SUBJECT ADDED ENTRY--TOPICAL TERM
Topical term or geographic name entry element Friendship
Form subdivision Fiction.
650 #1 - SUBJECT ADDED ENTRY--TOPICAL TERM
Topical term or geographic name entry element Islands
Form subdivision Fiction.
650 #1 - SUBJECT ADDED ENTRY--TOPICAL TERM
Topical term or geographic name entry element Whales
Form subdivision Fiction.
906 ## - LOCAL DATA ELEMENT F, LDF (RLIN)
a 7
b cbc
c orignew
d 3
e ncip
f 19
g y-gencatlg
942 ## - ADDED ENTRY ELEMENTS (KOHA)
Source of classification or shelving scheme Dewey Decimal Classification
Koha item type Books
Suppress in OPAC No
999 ## -
-- 1210
-- 1210
Holdings
Withdrawn status Lost status Source of classification or shelving scheme Damaged status Not for loan Collection Home library Current library Shelving location Date acquired Total Checkouts Full call number Barcode Date last seen Price effective from Koha item type
    Dewey Decimal Classification     Juvenile Fiction Footprints International School Library Network Toul Kork Campus Footprints International School Library Network Toul Kork Campus TTP Secondary Fiction Bookshelves 08/08/2023   MOR Fic PZ7.M82712 FIS00706 08/08/2023 08/08/2023 Books